[Event "HUN-ch op"]
[Site "Zalakaros"]
[Date "2001.??.??"]
[Round "8"]
[White "Deutsch, Ludwig"]
[Black "Flumbort, Andras"]
[Result "0-1"]
[WhiteElo "2248"]
[BlackElo "2359"]
[PlyCount "68"]
[EventDate "2001.??.??"]
[EventType "swiss"]
[EventRounds "9"]
[EventCountry "HUN"]
[SourceTitle "EXT 2002"]
[Source "ChessBase"]
[SourceDate "2001.11.25"]
[SourceVersion "1"]
[SourceVersionDate "2001.11.25"]
[SourceQuality "1"]

1. d4 Nf6 2. c4 g6 3. g3 Bg7 4. Bg2 d5 5. Nc3 dxc4 6. e4 c6 7. Nge2 0-0 8. 0-0 Na6 9. b3 cxb3 10. Qxb3 Nd7 11. Ba3 Re8 12. Rfd1 Qb6 13. Qa4 Qc7 14. Rab1 Rb8 15. Qc2 b5 16. Bc1 e5 17. Be3 exd4 18. Nxd4 b4 19. Nce2 c5 20. Nb3 c4 21. Nd2 c3 22. Nb3 Nac5 23. Nxc5 Nxc5 24. Rd5 Nd7 25. Rbd1 Ne5 26. Rc5 Qe7 27. h3 Be6 28. Nc1 Nc4 29. Qe2 Nxe3 30. Qxe3 Rbd8 31. Rxd8 Rxd8 32. Rc6 Qd7 33. Rxe6 Qxe6 34. Nb3 c2 0-1

[Event "Zalakaros op 19th"]
[Site "Zalakaros"]
[Date "2000.05.23"]
[Round "5"]
[White "Boronyak, Arpad"]
[Black "Deutsch, Ludwig"]
[Result "1/2-1/2"]
[WhiteElo "2286"]
[BlackElo "2216"]
[PlyCount "45"]
[EventDate "2000.05.??"]
[EventType "swiss"]
[EventRounds "9"]
[EventCountry "HUN"]
[SourceTitle "EXT 2002"]
[Source "ChessBase"]
[SourceDate "2001.11.25"]
[SourceVersion "1"]
[SourceVersionDate "2001.11.25"]
[SourceQuality "1"]

1. e4 c5 2. Nc3 Nc6 3. f4 e6 4. Nf3 d5 5. d3 Nf6 6. Be2 Nd4 7. 0-0 Nxe2+ 8. Qxe2 d4 9. Nd1 Be7 10. Nf2 b6 11. c3 dxc3 12. bxc3 Ba6 13. Rd1 Qc7 14. Qc2 Bb7 15. Be3 0-0 16. a4 Rad8 17. a5 b5 18. a6 Ba8 19. Rab1 Rb8 20. Rb2 Rfc8 21. Qb1 Bc6 22. Ne5 Be8 23. d4 1/2-1/2